Library of the University of Algiers 3
Ibrahim Sultan Cheibout
شعار جامعة الجزائر 3
مكتبة جامعة الجزائر 3
إبراهيم سلطان شيبوط

مقدمة إلى الديمقراطية الإقتصادية / (رقم التسجيلة. 45087)

تفاصيل مارك
000 -LEADER
fixed length control field 01221nam a2200277Ia 4500
003 - CONTROL NUMBER IDENTIFIER
control field Ost
005 - DATE AND TIME OF LATEST TRANSACTION
control field 20260507075612.0
008 - FIXED-LENGTH DATA ELEMENTS--GENERAL INFORMATION
fixed length control field 260507s9999||||xx |||||||||||||| ||und||
020 ## - INTERNATIONAL STANDARD BOOK NUMBER
International Standard Book Number 9690100378
040 ## - CATALOGING SOURCE
Transcribing agency fsecg
041 ## - LANGUAGE CODE
Language code of text/sound track or separate title ara
082 ## - DEWEY DECIMAL CLASSIFICATION NUMBER
Classification number 335.5
100 ## - MAIN ENTRY--PERSONAL NAME
Personal name أ.دال، روبرت
Relator term مؤلف
245 #0 - TITLE STATEMENT
Title مقدمة إلى الديمقراطية الإقتصادية /
Statement of responsibility, etc. روبرت أ.دال
250 ## - EDITION STATEMENT
Edition statement طبعة 2
260 ## - PUBLICATION, DISTRIBUTION, ETC.
Place of publication, distribution, etc. القاهرة:
Name of publisher, distributor, etc. الدار الدولية للنشر والتوزيع,
Date of publication, distribution, etc. 1998
300 ## - PHYSICAL DESCRIPTION
Extent 163 صفحة؛
Dimensions 24 سم
520 ## - SUMMARY, ETC.
Summary, etc. هل المساواة مناوئة للحرية؟، الديمقراطية، المساواة السياسية، والحرية الاقتصادية، الديمقراطية والنظام الاقتصادي، الحق في الديمقراطية داخل المؤسسات، الملكية، والزعامة، والمرحلة الانتقالية
653 ## - INDEX TERM--UNCONTROLLED
Uncontrolled term الإجتماع السياسي
653 ## - INDEX TERM--UNCONTROLLED
Uncontrolled term الحرية
653 ## - INDEX TERM--UNCONTROLLED
Uncontrolled term الديمقراطية الاقتصادية
653 ## - INDEX TERM--UNCONTROLLED
Uncontrolled term المساواة
653 ## - INDEX TERM--UNCONTROLLED
Uncontrolled term الملكية
700 ## - ADDED ENTRY--PERSONAL NAME
Personal name غنيم، محمد مصطفى
Relator term مؤلف ثانوي
942 ## - ADDED ENTRY ELEMENTS (KOHA)
Koha item type كتب
المقتنيات
Withdrawn status Lost status Source of classification or shelving scheme Damaged status Not for loan Home library Current library Date acquired Serial enumeration / chronology Inventory number Total checkouts Full call number Barcode Date last seen Price effective from Koha item type
    Dewey Decimal Classification   NOT LOAN / إعارة داخلية مكتبة كلية العلوم الإقتصادية والعلوم التجارية وعلوم التسيير مكتبة كلية العلوم الإقتصادية والعلوم التجارية وعلوم التسيير 07/05/2026 الطابق الأرضي 636/1   أ/636ن1 636/1 07/05/2026 07/05/2026 كتب

موارد الويب المفتوحة


© University of Algiers 3 All Rights Reserved
|
Implemented by LECHELAH Riad